Statistiques concernant Langue française: Le jeu des 8 lettres #4

Cliquez ici pour prendre le quiz!

Statistiques générales

  • Ce quiz a été pris 532 fois
  • Le résultat moyen est 13 sur 20

Statistiques - réponses

DéfinitionMot% Correct
Ce qu'on respireAir
99%
Pas propreSale
99%
Fruit rouge très répanduFraise
94%
Les trains y circulent dessusRails
94%
Ce qu'on fait avec un romanLire
90%
Demande à DieuPrie
89%
Mêmes, identiquesPareils
87%
L'ennemi des vampiresAil
84%
Femelle du sanglierLaie
75%
Le plus mauvaisPire
75%
Argot pour oiseauPiaf
71%
BlêmePâle
61%
Partir à l'anglaiseFiler
60%
Joue le tiercéParie
59%
Ustensile servant à rendre le fromage très finRape
52%
Sorte de cuisson du rizPilaf
39%
Faculté de discerner par les odeursFlair
27%
Courbe qui s'éloigne de plus en plus de son centreSpirale
27%
Conifère toxiqueIf
25%
Encre de seicheSépia
11%

Distribution des résultats

Percentile par nombre de réponses

% des personnes avec chaque résultat

Votre développement - résultats

Vous n’avez pas pris ce quiz